Sociologický časopis

Uložené v:
Podrobná bibliografia
Médium: Seriál
Jazyk:Czech
Vydavateľské údaje: Praha Academia 1975
Tagy: Pridať tag
Žiadne tagy, Buďte prvý, kto otaguje tento záznam!

MARC

LEADER 00000nas2a22000001 4500
001 0020068
005 20250730114407.2
041 0 |a cze 
044 |a CZ 
245 1 0 |a Sociologický časopis 
264 1 |a Praha  |b Academia  |c 1975 
300 |a 1 zv. 
773 0 |w eu_un_cat*s120781